All English Football League Champions From 1888-2016 (Including 2nd & 3rd Places) - Statistics

General Stats
  • This quiz has been taken 1,627 times
  • The average score is 29 of 39
Answer Stats
Answer % Correct
Chelsea
99%
Manchester City
99%
Manchester United
99%
Arsenal
98%
Liverpool
98%
Leicester City
97%
Tottenham Hotspur
97%
Everton
91%
Newcastle United
91%
Aston Villa
90%
Leeds United
89%
Blackburn Rovers
88%
Nottingham Forest
86%
West Ham United
84%
Sunderland
79%
Norwich City
77%
Southampton
77%
Wolverhampton Wanderers
77%
The Wednesday
76%
Sheffield Wednesday
74%
West Bromwich Albion
73%
Burnley
72%
Derby County
72%
Sheffield United
71%
Portsmouth
70%
Ipswich Town
69%
Bolton Wanderers
68%
Crystal Palace
66%
Preston North End
64%
Cardiff City
63%
Huddersfield Town
63%
Queens Park Rangers
63%
Blackpool
62%
Watford
61%
Charlton Athletic
52%
Middlesbrough
51%
Notts County
47%
Oldham Athletic
42%
Bristol City
40%
No matching quizzes found
Score Distribution
Percent of People with Each Score
Percentile by Number Answered
Your Score History
You have not taken this quiz